000 00600nam a2200157Ia 4500
999 _c10492
_d10492
082 _aTB.0115
100 _aBhagwati Prasad
245 0 _aAgricultural credit, savings and capital assets: structure of assets and borrowings and credit needs at different levels of agricultural technology on the farms of Rampur district Uttar Pradesh
260 _c1978
_bUniversity of Delhi
300 _a306
650 _aBank loans
_zUttar Pradesh
_zRampur District
650 _aAgricultural credit
_zUttar Pradesh
_zRampur District
650 _aSaving and investment
710 _aNagar, A.L.
942 _cTH
_2ddc